أطلس الامبراطورية السودانية
محفوظ في:
المؤلف الرئيسي:
التنسيق: كتاب
اللغة: Undetermined
منشور في:
Cairo
Misr Press
1948
الوسوم: إضافة وسم
لا توجد وسوم, كن أول من يضع وسما على هذه التسجيلة!
رقم الطلب: A20 SABR
| LEADER | 00320nam a2200109Ia 4500 | ||
|---|---|---|---|
| 008 | 240404s9999||||xx |||||||||||||| ||und|| | ||
| 050 | 4 | |a A20 SABR | |
| 100 | 1 | |a محمد صبرى. | |
| 245 | 1 | 0 | |a أطلس الامبراطورية السودانية |c محمد صبرى |
| 264 | 1 | |a Cairo |b Misr Press |c 1948 | |
| 942 | |2 lcc |c BK | ||
| 999 | |c 58068 |d 58068 | ||
